| 000 | 00507nam a22001817a 4500 | ||
|---|---|---|---|
| 005 | 20170413131127.0 | ||
| 010 | _aENG-117765 | ||
| 020 |
_c350.00 _a9789386224330 |
||
| 035 | _aEN-101297 | ||
| 037 | _bDBAD/PUB | ||
| 082 | _aN | ||
| 100 | _aFarthing, Harry | ||
| 245 |
_aSummit : _ba novel / _cby Harry Farthing |
||
| 260 |
_aNew Delhi _bWestland publications _c2013 |
||
| 270 |
_a93,I floor, Sham Lal Road,Daryaganj _bNew Delhi _e110002 |
||
| 300 |
_axiii,632p. _b20cm(pbk) |
||
| 942 |
_2ddc _cEN _hN _mFAR |
||
| 999 |
_c138874 _d138874 |
||